|
|
|
|
| LEADER |
00741cam a2200205 7i4500 |
| 001 |
0000017234 |
| 005 |
20100621090000.0 |
| 020 |
0 |
0 |
|a 983-99911-5-6
|
| 090 |
0 |
0 |
|a M 338.9
|b MAL
|
| 110 |
2 |
0 |
|a Jabatan Perdana Menteri
|
| 245 |
0 |
0 |
|a Rancangan Malaysia Kesembilan 2006 - 2010.
|
| 260 |
0 |
0 |
|a Putrajaya:
|b Unit Perancang Ekonomi, Jabatan Perdana Menteri,
|c 2006.
|
| 300 |
# |
# |
|a 587 p.
|
| 650 |
0 |
0 |
|a Malaysia --
|x Economic development
|
| 650 |
0 |
0 |
|a Ninth Malaysia Plan --
|x Policy
|
| 651 |
0 |
0 |
|a Malaysia
|
| 999 |
|
|
|a B000018614
|b Book
|c Malaysia
|e Business Information Centre
|
| 999 |
|
|
|a PNG000523B
|b Book
|c Malaysia
|e MATRADE Northern Regional Office
|
| 999 |
|
|
|a SBH000515B
|b Book
|c Malaysia
|e MATRADE Sabah
|
| 999 |
|
|
|a SRW000052B
|b Book
|c Malaysia
|e MATRADE Sarawak
|